000
00345nam a2200109Ia 4500
008
221009s9999 xx 000 0 und d
082
_a
920/SHA
100
_a
शर्मा,राघव शरण
_9
78152
245
0
_a
महानायक सुभाषचन्द्र
260
_b
साहित्य सरोवर
942
_c
BK
999
_c
65104
_d
65104